| 000 | 01128nac a22002771u 4500 | ||
|---|---|---|---|
| 010 | _a 00012057 | ||
| 020 | _a0761986626 (pbk. : alk paper) | ||
| 082 | 0 | 0 |
_a306.42 _bROY |
| 090 |
_c5641 _d5641 |
||
| 100 | _aRoy, William G., | ||
| 245 | 1 | 0 |
_aMaking societies : _bthe historical construction of our world / _cWilliam G. Roy. |
| 260 |
_aThousand Oaks, Calif. : _bPine Forge Press,c2001. _cc2001. |
||
| 300 |
_axix, 219 p. : _bill. ; _c23 cm. |
||
| 440 | 0 | _aSociology for a new century | |
| 500 | _aDistributer : Al-Ahram. | ||
| 504 | _aIncludes bibliographical references and index. | ||
| 511 | _aCatalogued By : Mahitab. | ||
| 650 | 0 | _aKnowledge, Sociology of. | |
| 650 | 0 | _aSpace and time. | |
| 650 | 0 | _aSocial groups. | |
| 650 | 0 | _aSocial classes. | |
| 856 | 4 | 2 |
_3Publisher description _uhttp://www.loc.gov/catdir/enhancements/fy0656/00012057-d.html |
| 856 | 4 | 2 |
_3Table of contents only _uhttp://www.loc.gov/catdir/enhancements/fy0656/00012057-t.html |
| 942 |
_cBB _k306.42ROY |
||
| 999 |
_c5641 _d5641 |
||